| 000 | 00948nam a22002651u 4500 | ||
|---|---|---|---|
| 001 | 12538 | ||
| 003 | HDC | ||
| 007 | cr bn --- | ||
| 008 | 210209p2005 my eng | ||
| 040 | _aHDC | ||
| 100 |
_aSariam Othman, _eauthor _913189 |
||
| 245 | 0 |
_aResponse of non-flooded rice to nitrogen rate / _cby Sariam Othman, Mohd. Khanif Yusop and Zahrah Talib |
|
| 260 |
_aSerdang : _bMalaysian Agricultural Research and Development Institute (MARDI), _c2005 |
||
| 300 | _a1 page | ||
| 336 |
_atext _2rdacontent |
||
| 337 |
_acomputer _2rdamedia |
||
| 338 |
_aonline resource _2rdacarrier |
||
| 650 |
_aNitrogen rate _913191 |
||
| 650 |
_aNon-flooded rice _913190 |
||
| 650 |
_aWater management _913008 |
||
| 856 | _zRequest full-text at [email protected] | ||
| 942 | _2lcc | ||
| 942 | _cAR | ||
| 942 | _kJART 003126 | ||
| 999 |
_c9861 _d9861 |
||